NBA most rebounds in a single game (per season) - Statistics

General Stats
  • This quiz has been taken 37 times
  • The average score is 16 of 35
Answer Stats
Season Rebounds Player % Correct
1997-98 29 Dennis Rodman
89%
1994-95 30 Dennis Rodman
89%
1993-94 32 Dennis Rodman
89%
1991-92 34 Dennis Rodman
89%
2003-04 26 Shaquille O'Neal
89%
2017-18 30 Dwight Howard
83%
2005-06 26 Dwight Howard
83%
2009-10 27 Tim Duncan
74%
2002-03 25 Tim Duncan
74%
2015-16 29 Andre Drummond
71%
2016-17 25 DeAndre Jordan
71%
2014-15 27 DeAndre Jordan
71%
1996-97 33 Charles Barkley
69%
2016-17 25 Rudy Gobert
69%
2006-07 27 Ben Wallace
66%
2001-02 28 Ben Wallace
66%
2000-01 29 Dikembe Mutombo
60%
1999-00 29 Dikembe Mutombo
60%
1995-96 31 Dikembe Mutombo
60%
2010-11 31 Kevin Love
49%
2016-17 25 Hassan Whiteside
43%
2008-09 27 Marcus Camby
31%
1990-91 25 Larry Smith
29%
2018-19 27 Karl-Anthony Towns
26%
2012-13 29 Nikola Vucevic
23%
2019-20 25 Jonas Valanciunas
11%
2011-12 30 Andrew Bynum
9%
2004-05 26 Erick Dampier
3%
1992-93 34 Rony Seikaly
3%
2013-14 29 Timofey Mozgov
3%
2007-08 26 Andris Biedrins
0%
1989-90 27 James Donaldson
0%
1990-91 25 Jerome Lane
0%
2007-08 26 Joel Przybilla
0%
1998-99 25 Lorenzen Wright
0%
No matching quizzes found
Score Distribution
Percent of People with Each Score
Percentile by Number Answered
Your Score History
You have not taken this quiz